Problematika fiškálnej únie v rámci eurozóny diplomová práca

Guardado en:
Detalles Bibliográficos
Autor principal: Betáková, Mária
Autor Corporativo: Obchodná fakulta EU. Katedra medzinárodného obchodu
Otros Autores: Fifek, Edmund
Formato: Libro
Lenguaje:eslovaco
Publicado: Bratislava 2013
Etiquetas: Agregar Etiqueta
Sin Etiquetas, Sea el primero en etiquetar este registro!

MARC

LEADER 00000nbm a2200000 4500
001 0169578
005 20161109102313.1
041 0 |a slo 
044 |a SK 
245 1 0 |a Problematika fiškálnej únie v rámci eurozóny  |b diplomová práca  |c Mária Betáková ; školiteľ: Edmund Fifek 
264 1 |a Bratislava  |c 2013 
300 |a 89 s. 
100 1 |a Betáková, Mária 
700 1 |a Fifek, Edmund 
710 2 |a Obchodná fakulta EU. Katedra medzinárodného obchodu